01073nam a2200265 i 4500001001000000003000900010005001700019007000300036008004100039040003000080041000800110082001700118111010600135245011100241246011500352264006200467300002800529336002700557337003300584338002800617590002600645942001400671952010500685999001700790000038470DO-SdBNP20251120124902.0ta130412s1993 dr 000 0 spa d aDO-SdBNPbspacBNPHUerda aspa 4axxxbxxx2221 aEncuentro Interamericano de auditores internosn(4 :d1993, sep. 9, 10, 11, 12cSanto Domingo)96481710aIV Encuentro interamericano de auditores internos :bel auditor interno frente al nuevo orden económico. aCuarto encuentro interamericano de auditores internos :bel auditor interno frente al nuevo orden económico. 1aSanto Domingo :bInstituto de Auditores Internos,c1993?. a200 páginas ;c22 cm. atextobtxt2rdacontent asin mediaciónbn2rdamedia avolumenbnc2rdacarrier aInventariado, 2025/BT 2ddccLBS1 0010718PDaPDbPDcCTd2013-04-12iLF1l0o p38470-10r2020-06-25w2020-06-25yLFPDZNo se presta c37960d37960